[Event "IECG WC.2004.S.00004 email"]
[Site "IECG email"]
[Date "2002.05.08"]
[Round "?"]
[White "Peto, Peter"]
[Black "Vidal, Lionel"]
[Result "0-1"]
[WhiteElo "2132"]
[BlackElo "1950"]
[PlyCount "86"]
[EventDate "2002.05.08"]
[EventType "tourn (corr)"]
[EventRounds "8"]
[SourceTitle "Corr 2008"]
[Source "ChessBase"]
[SourceDate "2008.06.24"]
[SourceVersion "1"]
[SourceVersionDate "2008.06.24"]
[SourceQuality "1"]

1. e4 c5 2. Nf3 d6 3. d4 cxd4 4. Nxd4 Nf6 5. Nc3 g6 6. Be3 Bg7 7. f3 Nc6 8. Qd2 0-0 9. Bc4 Bd7 10. 0-0-0 Qa5 11. Bb3 Rfc8 12. h4 Ne5 13. Kb1 Nc4 14. Bxc4 Rxc4 15. Nb3 Qc7 16. Bd4 Be6 17. h5 a5 18. hxg6 hxg6 19. a4 b5 20. Nxb5 Qb8 21. Nc3 Rb4 22. Bxf6 Bxf6 23. Nd5 Bxd5 24. Qxd5 Ra6 25. f4 e6 26. Qd3 Rab6 27. Rh3 Rxa4 28. f5 d5 29. exd5 Qe5 30. Qc3 Qxc3 31. bxc3 gxf5 32. d6 Rg4 33. d7 a4 34. d8Q+ Bxd8 35. Rxd8+ Kg7 36. Kb2 Rxg2 37. Ka3 axb3 38. cxb3 f4 39. b4 e5 40. Kb3 Rg3 41. Rhh8 Kg6 42. Kc4 Kf5 43. Rd7 f6 0-1

[Event "IECG WC.2005.P.00008 email"]
[Site "IECG email"]
[Date "2002.01.29"]
[Round "?"]
[White "Schubert, Steffen"]
[Black "Vidal, Lionel"]
[Result "1/2-1/2"]
[WhiteElo "2023"]
[BlackElo "1950"]
[PlyCount "100"]
[EventDate "2002.01.29"]
[EventType "tourn (corr)"]
[EventRounds "12"]
[SourceTitle "Corr 2008"]
[Source "ChessBase"]
[SourceDate "2008.06.24"]
[SourceVersion "1"]
[SourceVersionDate "2008.06.24"]
[SourceQuality "1"]

1. e4 Nc6 2. Nf3 e5 3. Bb5 Nf6 4. 0-0 Bc5 5. c3 0-0 6. d4 Bb6 7. Bg5 h6 8. Bh4 d6 9. a4 a5 10. Re1 exd4 11. Bxc6 bxc6 12. Nxd4 Re8 13. Nd2 c5 14. N4f3 Bb7 15. e5 dxe5 16. Nxe5 g5 17. Bg3 Qd5 18. Qf3 Qxf3 19. Ndxf3 Kg7 20. Nd2 Nh5 21. Ndc4 Rad8 22. Rad1 Bd5 23. Rd3 f6 24. Red1 Bxc4 25. Rxd8 Rxd8 26. Rxd8 fxe5 27. Bxe5+ Nf6 28. Rc8 Be6 29. Re8 Kf7 30. Rh8 Nd7 31. Rh7+ Kg6 32. Re7 Kf5 33. Bg7 h5 34. c4 Ne5 35. Bxe5 Kxe5 36. b3 Kf6 37. Re8 Bf5 38. h3 Bg6 39. Rf8+ Ke7 40. Rf3 c6 41. Rg3 Kf6 42. Rf3+ Ke5 43. Re3+ Kd6 44. Kh2 Bc7 45. g3 Bd8 46. Re2 Bf6 47. Rd2+ Bd4 48. Kg2 Bf5 49. Re2 h4 50. Rd2 hxg3 1/2-1/2

[Event "IECG WC.2005.P.00008 email"]
[Site "IECG email"]
[Date "2002.01.29"]
[Round "?"]
[White "Vidal, Lionel"]
[Black "Starace, Umberto"]
[Result "1-0"]
[WhiteElo "1950"]
[BlackElo "1934"]
[PlyCount "71"]
[EventDate "2002.01.29"]
[EventType "tourn (corr)"]
[EventRounds "12"]
[SourceTitle "Corr 2008"]
[Source "ChessBase"]
[SourceDate "2008.06.24"]
[SourceVersion "1"]
[SourceVersionDate "2008.06.24"]
[SourceQuality "1"]

1. d4 Nf6 2. c4 g6 3. Nc3 Bg7 4. Nf3 d5 5. e3 0-0 6. b4 b6 7. Qb3 Bb7 8. Ba3 c6 9. Rc1 Nbd7 10. Be2 Re8 11. 0-0 Rc8 12. cxd5 cxd5 13. b5 Rc7 14. Bb4 Nb8 15. Qa3 Ba8 16. Bd3 Ne4 17. Ne2 f6 18. Rxc7 Qxc7 19. Rc1 Qd7 20. Nc3 e6 21. Bf1 Bf8 22. Bxf8 Rxf8 23. Nxe4 dxe4 24. Nd2 Rd8 25. Rc3 e5 26. dxe5 fxe5 27. Nc4 Qc7 28. Nxb6 Qxb6 29. Qe7 Qd6 30. Qxd6 Rxd6 31. Rc8+ Kf7 32. Rxb8 Bd5 33. a4 Ke7 34. Rh8 h5 35. g4 Bf7 36. gxh5 1-0

[Event "IECG WC.2005.P.00008 email"]
[Site "IECG email"]
[Date "2002.01.29"]
[Round "?"]
[White "Vidal, Lionel"]
[Black "Wurschner, Miroslav"]
[Result "1/2-1/2"]
[WhiteElo "1950"]
[BlackElo "2192"]
[PlyCount "55"]
[EventDate "2002.01.29"]
[EventType "tourn (corr)"]
[EventRounds "12"]
[SourceTitle "Corr 2008"]
[Source "ChessBase"]
[SourceDate "2008.06.24"]
[SourceVersion "1"]
[SourceVersionDate "2008.06.24"]
[SourceQuality "1"]

1. d4 Nf6 2. c4 e6 3. Nc3 Bb4 4. f3 d5 5. a3 Bxc3+ 6. bxc3 c5 7. cxd5 Nxd5 8. dxc5 Qa5 9. e4 Ne7 10. Be3 0-0 11. Qb3 Qc7 12. Nh3 e5 13. Nf2 Nec6 14. Rb1 Na5 15. Qa4 Be6 16. Be2 Nd7 17. Rb5 b6 18. 0-0 Rfc8 19. Rc1 Qc6 20. cxb6 axb6 21. Rb4 Qxa4 22. Rxa4 Bc4 23. Bxc4 Nxc4 24. Rxa8 Rxa8 25. Rd1 Nxe3 26. Rxd7 f6 27. Nd1 Nc4 28. Kf2 1/2-1/2

[Event "IECG CA.2001.0.00009"]
[Site "IECG email"]
[Date "2001.07.01"]
[Round "?"]
[White "Vidal, Lionel"]
[Black "Walton, Alan J"]
[Result "1-0"]
[WhiteElo "1950"]
[BlackElo "2179"]
[PlyCount "69"]
[EventDate "2001.07.01"]
[EventType "tourn (corr)"]
[EventRounds "6"]
[SourceTitle "Corr 2008"]
[Source "ChessBase"]
[SourceDate "2008.06.24"]
[SourceVersion "1"]
[SourceVersionDate "2008.06.24"]
[SourceQuality "1"]

1. c4 f5 2. g3 Nf6 3. Bg2 e6 4. Nf3 Be7 5. 0-0 0-0 6. Nc3 d6 7. d3 Qe8 8. e4 e5 9. exf5 Bxf5 10. d4 Nc6 11. Nb5 Bd8 12. dxe5 dxe5 13. Be3 a6 14. Nc3 Be7 15. Nd5 Rd8 16. Qb3 Na5 17. Qc3 Nxd5 18. cxd5 Rxd5 19. Nh4 Rb5 20. a4 Rb4 21. Nxf5 Rxf5 22. Bc5 Bxc5 23. Qxc5 Rxa4 24. Rxa4 Qxa4 25. Qe7 g6 26. Bd5+ Kh8 27. Qd8+ Kg7 28. Qxc7+ Kh8 29. Be6 Nc6 30. Qc8+ Kg7 31. Qxb7+ Kf8 32. Qc8+ Kg7 33. Qd7+ Kf8 34. Bxf5 gxf5 35. Rc1 1-0

[Event "IECG C1.2000.0.00316"]
[Site "IECG email"]
[Date "2000.11.02"]
[Round "?"]
[White "Vidal, Lionel"]
[Black "Starace, Umberto"]
[Result "1-0"]
[WhiteElo "1950"]
[BlackElo "1953"]
[PlyCount "67"]
[EventDate "2000.11.02"]
[EventType "tourn (corr)"]
[EventRounds "6"]
[SourceTitle "Corr 2008"]
[Source "ChessBase"]
[SourceDate "2008.06.24"]
[SourceVersion "1"]
[SourceVersionDate "2008.06.24"]
[SourceQuality "1"]

1. c4 Nf6 2. g3 g6 3. Bg2 Bg7 4. Nc3 c5 5. d3 Nc6 6. a3 0-0 7. Rb1 e6 8. b4 cxb4 9. axb4 d5 10. b5 Nd4 11. e3 Nf5 12. Ba3 Re8 13. Nge2 Ng4 14. 0-0 Ngxe3 15. fxe3 Nxe3 16. Qb3 dxc4 17. dxc4 Nxf1 18. Rxf1 e5 19. Ne4 Be6 20. Nc5 Qb6 21. Kh1 a6 22. Nxe6 Rxe6 23. Nc3 axb5 24. cxb5 Rf6 25. Rd1 Rf2 26. Ne4 Re2 27. Bc5 Qc7 28. Ng5 e4 29. Qc4 Rf2 30. Nxe4 Rb2 31. Ng5 h6 32. Nxf7 Kh7 33. Be4 Raa2 34. Nd6 1-0